Das Subjekt der Kunst: Schrei, Klage und Darstellung : Eine Studie über Erkenntnis jenseits der Vernunft im Anschluss an Lessing und Hegel /

Gemäß einer Reihe von philosophischen Strömungen erschöpft sich das Subjekt im Vernünftigen - die Kunst hingegen überschreitet den Rahmen der Vernunft immer wieder. Existentielle Erfahrungen von Leid, Klage und Angst fließen hier in das Verständnis von Subjektivität ein.Durch eine Auseinandersetzung...

Full description

Bibliographic Details
Main Author: König, Diana (Author)
Corporate Author: Walter de Gruyter & Co
Format: eBook
Language:German
Language Notes:In German.
Published: Bielefeld : transcript-Verlag, [2014]
Edition:1. Aufl.
Series:Edition Moderne Postmoderne
Subjects:
Online Access:Connect to the full text of this electronic book

MARC

Tag First Indicator Second Indicator Subfields
LEADER 00000cam a2200000 i 4500
001 in00005685621
005 20260212195459.5
006 m o d
007 cr |||||||||||
008 190708s2014 gw fo d z000 0 ger d
040 |a U9X  |b eng  |e rda  |c U9X  |d OCLCQ  |d QGK  |d SFB  |d CLOUD  |d OCLCQ  |d CLOUD  |d OCLCO  |d OCLCL  |d OCLCQ  |d DEGRU 
020 |a 9783839419014  |q (electronic book) 
020 |a 3839419018 
035 |a (OCoLC)1154242444 
044 |a gw  |c DE 
050 4 |a N85  |b .K665 2011 
082 0 4 |a 707  |q OCoLC  |2 23/eng/20230216 
049 |a TXAM 
100 1 |a König, Diana,  |e author. 
245 1 4 |a Das Subjekt der Kunst: Schrei, Klage und Darstellung :  |b Eine Studie über Erkenntnis jenseits der Vernunft im Anschluss an Lessing und Hegel /  |c Diana König. 
250 |a 1. Aufl. 
264 1 |a Bielefeld :  |b transcript-Verlag,  |c [2014] 
264 4 |c ©2011 
300 |a 1 online resource. 
336 |a text  |b txt  |2 rdacontent 
337 |a computer  |b c  |2 rdamedia 
338 |a online resource  |b cr  |2 rdacarrier 
347 |a text file  |b PDF  |2 rda 
490 0 |a Edition Moderne Postmoderne 
505 0 0 |t Frontmatter --  |t Inhalt --  |t Einleitung. In einem rasenden Fieber verschwendet --  |t Warum Helden schweigen. Drei Antworten --  |t Laokoon --  |t Zarter Held. Winckelmanns Laokoon --  |t Ästhetisch vorbildlich und ethisch fragwürdig. Lessings Laokoon --  |t Sinnlich selig in sich. Hegels Laokoon --  |t Zusammengefasst --  |t Die Heldin klagt. Antigone individuiert sich --  |t Antigone --  |t Der Bruch. Hegels Phänomenologie --  |t Die Versöhnung. Hegels Ästhetik --  |t Leiden an Überbestimmtheit. Hegels Rechtsphilosophie --  |t Zusammengefasst --  |t Der Held schreit. Die Folgen von Philoktets Emanzipation --  |t Philoktet --  |t Der Held wird menschlich. Lessings Philoktet --  |t Held Homburg trägt die Folgen. Königs Prinz --  |t Zusammengefasst --  |t Ausblick. Life at last: die Geier kommen --  |t Literatur --  |t Siglen --  |t Abbildungen --  |t Backmatter 
520 |a Gemäß einer Reihe von philosophischen Strömungen erschöpft sich das Subjekt im Vernünftigen - die Kunst hingegen überschreitet den Rahmen der Vernunft immer wieder. Existentielle Erfahrungen von Leid, Klage und Angst fließen hier in das Verständnis von Subjektivität ein.Durch eine Auseinandersetzung mit den Grenzen der Kunst, wie sie Winckelmann, Lessing und Hegel gesetzt haben, zeigt Diana König auch die Grenzen der Vernunft auf. Sie versteht Kunst als ständige Überschreitung, die sich an mehr als an die vernünftigen Fähigkeiten richtet. Das Subjekt bekommt hier noch eine andere Fähigkeit zugeschrieben: die der intuitiven Erkenntnis. 
546 |a In German. 
650 0 |a Art  |x Study and teaching  |z Germany. 
650 0 |a Art  |x Study and teaching. 
650 4 |a Subjekt; Leid; Hegel; Lessing; Intuitive Erkenntnis; Kunst; Ästhetik; Deutsche Philosophiegeschichte; Kunsttheorie; Kunstwissenschaft; Philosophie; Arts; Aesthetics; German History of Philosophy; Theory of Art; Fine Arts; Philosophy; 
650 6 |a Art  |x Étude et enseignement  |z Allemagne. 
650 6 |a Art  |x Étude et enseignement. 
650 7 |a art education.  |2 aat 
650 7 |a PHILOSOPHY.  |2 bisacsh 
650 7 |a History & Surveys.  |2 bisacsh 
653 |a Aesthetics. 
653 |a Fine Arts. 
653 |a German History of Philosophy. 
653 |a Philosophy. 
653 |a Theory of Art. 
655 7 |a Electronic books.  |2 local 
710 2 |a Walter de Gruyter & Co. 
856 4 0 |u https://www.degruyterbrill.com/openurl?genre=book&isbn=9783839419014  |z Connect to the full text of this electronic book  |t 0 
936 |a BATCHLOAD 
955 |a De Gruyter Open Access ebooks 
994 |a 92  |b TXA 
999 f f |i 67e967c0-0c86-477c-895d-859d1c4e751b  |s 860fc26e-4ab8-4b81-a54e-aad0a9ab62b7  |t 0 
952 f f |a Texas A&M University  |b College Station  |c Electronic Resources  |s www_evans  |d Available Online  |t 0  |e N85 .K665 2011  |h Library of Congress classification 
998 f f |a N85 .K665 2011  |t 0  |l Available Online